[Event "Bullet Chess Winners 2024"]
[Site "chess.com INT"]
[Date "2024.06.11"]
[Round "3.20"]
[White "Nihal,Sarin"]
[Black "Nakamura,Hi"]
[Result "1-0"]
[WhiteElo "2669"]
[BlackElo "2794"]

1.d4 g6 2.Nf3 Bg7 3.e3 d6 4.Be2 Nd7 5.O-O Ngf6 6.b3 O-O 7.Bb2 b6 8.c4 Bb7
9.d5 c5 10.dxc6 Bxc6 11.Nd4 Bb7 12.Nd2 Qc7 13.Bf3 Rac8 14.Rc1 Qb8 15.h3 Ne5
16.Bxb7 Qxb7 17.N2f3 Nfd7 18.Qe2 Nc5 19.Rfd1 Rfd8 20.Nxe5 dxe5 21.Nb5 e4
22.Bxg7 Kxg7 23.Nc3 Nd3 24.Rc2 e6 25.Rcd2 f5 26.f3 exf3 27.Qxf3 Qd7 28.Rxd3 Qe7
29.Rxd8 Rxd8 30.Rxd8 Qxd8 31.e4 Qd4+ 32.Kh2 Qe5+ 33.g3 g5 34.exf5 exf5 35.Ne2 Qb2
36.Qc3+ Qxc3 37.Nxc3 Kf6 38.Kg2 Ke5 39.Kf3 h5 40.h4 g4+ 41.Ke3 a6 42.Ne2 b5
43.cxb5 axb5 44.Nf4 b4 45.Nxh5 f4+ 46.Nxf4 Kf5 47.Kd4 Kf6 48.Ke4 Ke7 49.Kf5 Kf7
50.Kxg4 Kf6 51.Kf3 Ke5 52.Ke3 Kf6 53.g4 Ke5 54.g5 Kf5 55.g6 Kf6 56.h5 Kg7
57.Ne6+ Kh6 58.g7 Kh7 59.Kf4 Kg8 60.h6 Kh7 61.Kg5 Kg8 62.Kf6 Kh7 63.Kf7 Kxh6
64.g8=Q  1-0

[Event "Bullet Chess Winners 2024"]
[Site "chess.com INT"]
[Date "2024.06.11"]
[Round "3.21"]
[White "Nakamura,Hi"]
[Black "Nihal,Sarin"]
[Result "1-0"]
[WhiteElo "2794"]
[BlackElo "2669"]

1.e4 g6 2.d4 Bg7 3.Nf3 d6 4.Bc4 Nc6 5.c3 Nf6 6.Qe2 O-O 7.e5 dxe5 8.dxe5 Nd5
9.O-O Nb6 10.Bb3 Bg4 11.Bf4 Bxf3 12.Qxf3 Nxe5 13.Qxb7 Nd3 14.Rd1 e5 15.Be3 c5
16.Na3 Kh8 17.Qe4 c4 18.Nxc4  1-0

[Event "Bullet Chess Winners 2024"]
[Site "chess.com INT"]
[Date "2024.06.11"]
[Round "3.22"]
[White "Nihal,Sarin"]
[Black "Nakamura,Hi"]
[Result "1-0"]
[WhiteElo "2669"]
[BlackElo "2794"]

1.Nf3 g6 2.g3 Bg7 3.Bg2 d6 4.O-O Bd7 5.d4 Qc8 6.Nc3 Bh3 7.Re1 Nc6 8.d5 Ne5
9.e4 Bxg2 10.Kxg2 h5 11.h4 Ng4 12.Bf4 N8f6 13.e5 dxe5 14.Nxe5 O-O 15.Nxg4 Nxg4
16.Rxe7 c6 17.d6 Bf6 18.d7 Qd8 19.Re2 Qa5 20.Ne4 Rad8 21.Qd6 Bg7 22.Bg5 f6
23.Bf4 Qd5 24.Qxd5+ cxd5 25.Nc5 b6 26.Bc7 bxc5 27.Bxd8 Ne5 28.Rxe5 fxe5 29.Be7 Bf6
30.Bxf6 Rxf6 31.d8=Q+ Rf8 32.Qxd5+ Kg7 33.Qxe5+ Kh7 34.Qxc5 Rf7 35.Re1 Kg7
36.Re7 Kf6 37.Qe5+  1-0

[Event "Bullet Chess Winners 2024"]
[Site "chess.com INT"]
[Date "2024.06.11"]
[Round "3.23"]
[White "Nakamura,Hi"]
[Black "Nihal,Sarin"]
[Result "1-0"]
[WhiteElo "2794"]
[BlackElo "2669"]

1.e4 e5 2.Nf3 Nc6 3.Bc4 Nf6 4.d3 Bc5 5.O-O d6 6.c3 h6 7.Nbd2 O-O 8.Re1 Re8
9.Nf1 Bb6 10.Ng3 Be6 11.h3 d5 12.Bb5 dxe4 13.dxe4 Qxd1 14.Rxd1 Rad8 15.Re1 Bd7
16.Be3 Nb8 17.Bxb6 axb6 18.Bf1 Bc6 19.b4 b5 20.a4 bxa4 21.b5 Bd7 22.Rxa4 Bc8
23.Rc4 c6 24.bxc6 Nxc6 25.Ra4 Kf8 26.Rb1 g6 27.Bb5 Bd7 28.Ra2 Kg7 29.Rab2 Re7
30.Bc4 Na5 31.Bf1 Bc6 32.Ra1 Ra8 33.Rba2 b6 34.Rb2 Nxe4 35.Rxb6 Nxg3 36.fxg3 Bxf3
37.gxf3 Nc4 38.Rxg6+ Kxg6 39.Rxa8 Nd2 40.Bd3+ Kg7 41.Kf2 e4 42.fxe4 Nxe4+
43.Bxe4 Rxe4 44.Ra2 Rc4 45.Rc2 h5 46.Ke3 f5 47.Kd3 Rc8 48.c4 Kf6 49.c5 Ke5
50.Kc4 h4 51.gxh4 f4 52.Kd3 Kd5 53.c6 Kd6 54.h5 Kc7 55.Ke4 Rh8 56.Kxf4 Rxh5
57.Kg4 Rh8 58.h4 Rg8+ 59.Kh3 Rh8 60.Rc4 Rh7 61.Kg4 Rg7+ 62.Kf5 Rh7 63.Kg6 Rh8
64.h5 Rg8+ 65.Kf7 Rh8 66.Rh4 Rh6 67.Kg7 Rxc6 68.h6  1-0

[Event "Bullet Chess Winners 2024"]
[Site "chess.com INT"]
[Date "2024.06.11"]
[Round "3.24"]
[White "Nihal,Sarin"]
[Black "Nakamura,Hi"]
[Result "0-1"]
[WhiteElo "2669"]
[BlackElo "2794"]

1.Nf3 g6 2.g3 Bg7 3.Bg2 d6 4.O-O Bd7 5.d4 Qc8 6.Nc3 Nf6 7.e4 O-O 8.Re1 Bg4
9.e5 dxe5 10.dxe5 Nfd7 11.Bf4 Nc6 12.h3 Bxf3 13.Qxf3 Ndxe5 14.Qe4 e6 15.Rad1 Nd7
16.h4 Nf6 17.Qe2 Rd8 18.Bg5 Nd4 19.Qc4 c5 20.Ne4 Nxe4 21.Bxe4 Rd7 22.c3 Nf5
23.Qb5 Nd6 24.Qa4 b5 25.Qc2 Nxe4 26.Qxe4 Rb8 27.Bf4 Rbb7 28.h5 Bf8 29.h6 Qd8
30.Rxd7 Rxd7 31.Kg2 Rd1 32.Kh2 Rxe1 33.Qxe1 g5 34.Be3 a6 35.Qe2 c4 36.Qh5 f6
37.a4 Qd7 38.axb5 axb5 39.Qg4 Bxh6 40.Qe4 Qd5 41.Qg4 Bg7 42.Qh5 Qd7 43.Qf3 h6
44.Qa8+ Kf7 45.Qe4 f5 46.Qa8 Kg6 47.Qg8 e5 48.Qa8 f4 49.Bc5 fxg3+ 50.Kxg3 g4
51.Qe4+ Qf5 52.Qxg4+ Qxg4+ 53.Kxg4 h5+ 54.Kf3 Kf5 55.Be3 e4+ 56.Kg3 Bf6 57.Kh3 Bg5
58.Bd4 Bc1 59.Kh4 Bxb2 60.Bc5 Bxc3  0-1

[Event "Bullet Chess Winners 2024"]
[Site "chess.com INT"]
[Date "2024.06.11"]
[Round "3.25"]
[White "Nakamura,Hi"]
[Black "Nihal,Sarin"]
[Result "1/2-1/2"]
[WhiteElo "2794"]
[BlackElo "2669"]

1.b3 e5 2.Bb2 Nc6 3.e4 Nf6 4.Nf3 Nxe4 5.Qe2 d5 6.d3 Nf6 7.Nxe5 Be7 8.Nxc6 bxc6
9.Nd2 O-O 10.O-O-O a5 11.a4 c5 12.g3 Bd6 13.Bg2 Re8 14.Bxf6 gxf6 15.Qh5 c6
16.Rhe1 Be6 17.f4 c4 18.f5 Bd7 19.dxc4 Ba3+ 20.Kb1 Rxe1 21.Rxe1 Bb4 22.cxd5 Bxd2
23.Rd1 Bc3 24.dxc6 Qe7 25.Qf3 Be5 26.cxd7 Rd8 27.c3 Rxd7 28.Rxd7 Qxd7 29.Kc2 Qd6
30.Qd3 Qa3 31.Bd5 Qa2+ 32.Kd1 Qxh2 33.Qf3 Qb2 34.Qh5 Qb1+ 35.Kd2 Qb2+ 36.Kd1 Qb1+
37.Kd2 Qb2+ 38.Kd1  1/2-1/2

[Event "Bullet Chess Winners 2024"]
[Site "chess.com INT"]
[Date "2024.06.11"]
[Round "3.26"]
[White "Nihal,Sarin"]
[Black "Nakamura,Hi"]
[Result "0-1"]
[WhiteElo "2669"]
[BlackElo "2794"]

1.b3 g6 2.Bb2 Nf6 3.Nf3 Bg7 4.e3 d6 5.d4 O-O 6.Be2 Nbd7 7.O-O b6 8.c4 c5
9.d5 Bb7 10.Nc3 Ne4 11.Rc1 Nxc3 12.Bxc3 Bxc3 13.Rxc3 b5 14.e4 bxc4 15.Bxc4 Qa5
16.Re3 Ba6 17.e5 Bxc4 18.bxc4 Qxa2 19.h4 Qxc4 20.Qd2 Nb6 21.Rd1 Qg4 22.exd6 exd6
23.Ng5 Nc4  0-1

[Event "Bullet Chess Winners 2024"]
[Site "chess.com INT"]
[Date "2024.06.11"]
[Round "3.27"]
[White "Nakamura,Hi"]
[Black "Nihal,Sarin"]
[Result "0-1"]
[WhiteElo "2794"]
[BlackElo "2669"]

1.b3 Nf6 2.Bb2 g6 3.e3 Bg7 4.d4 O-O 5.Nf3 d6 6.Be2 Nbd7 7.O-O e5 8.dxe5 Ng4
9.c4 Ngxe5 10.Nc3 Re8 11.Nxe5 Nxe5 12.Qd2 b6 13.Rad1 Bb7 14.Nd5 Bxd5 15.cxd5 a5
16.Rc1 Ra7 17.Rc2 Nd7 18.Bxg7 Kxg7 19.Bb5 Re7 20.Bxd7 Rxd7 21.Rfc1 Qf6 22.Rc6 h5
23.h3 Re7 24.g3 Qe5 25.R1c4 Kg8 26.Kg2 a4 27.b4 a3 28.Qd4 Qf5 29.e4 Qg5 30.Rxd6 Rxe4
31.Qxe4 cxd6 32.Qd4 Qe5 33.Qxe5 dxe5 34.Rc6 Rd7 35.d6 b5 36.Kf3 f5 37.Ke3 Kf7
38.f4 Ke6 39.fxe5 Kxe5 40.Rc5+ Kxd6 41.Rxb5 Rc7 42.Ra5 Rc3+ 43.Kf4 h4 44.gxh4 Rxh3
45.Kg5 Rg3+ 46.Kf6 f4 47.b5 f3 48.Ra4 Kc5 49.Rxa3 f2 50.Rxg3 f1=Q+ 51.Kxg6 Kxb5
52.Rg5+ Kc6 53.h5 Qb1+ 54.Kg7 Qb2+ 55.Kh7 Qxa2 56.Rg7 Qc2+ 57.Kh8 Kd6 58.h6 Qc8+
59.Kh7 Qf5+ 60.Kh8 Qf6 61.Kh7 Ke5 62.Rg6 Qf5 63.Kg7 Qd7+ 64.Kg8 Kf5 65.Rg7 Qe8+
66.Kh7 Kf6 67.Rg3 Qe4+ 68.Kh8 Qf4 69.Rh3 Kg6 70.Rh1 Qb8+  0-1

[Event "Bullet Chess Winners 2024"]
[Site "chess.com INT"]
[Date "2024.06.11"]
[Round "3.28"]
[White "Nihal,Sarin"]
[Black "Nakamura,Hi"]
[Result "0-1"]
[WhiteElo "2669"]
[BlackElo "2794"]

1.d4 g6 2.Nf3 Bg7 3.Bf4 d6 4.e3 Nc6 5.h3 Nf6 6.Bb5 O-O 7.Bxc6 bxc6 8.Nbd2 Rb8
9.b3 Ba6 10.c4 c5 11.O-O cxd4 12.exd4 c5 13.Re1 cxd4 14.Nxd4 Qd7 15.Be3 e5
16.N4f3 Rfe8 17.Bg5 h6 18.Bxf6 Bxf6 19.Ne4 Kg7 20.Qxd6 Qxd6 21.Nxd6 Re6 22.Rad1 Be7
23.Rxe5 Rxd6 24.Rxd6 Bxd6 25.Ra5 Bb7 26.Rxa7 Bxf3 27.gxf3 Re8 28.Kf1 Rd8
29.Ra6 Bc5 30.Ra5 Bb4 31.Rb5 Ba3 32.Ke2 Kf6 33.c5 Ke6 34.Ra5 Bb4 35.Rb5 Ba3
36.b4 Kd5 37.Rb7 Kc4 38.Rxf7 Bxb4 39.Rf6 Rd2+ 40.Kf1 Bxc5 41.Rxg6 Rxf2+ 42.Ke1 Rxa2
43.Rxh6 Kd3 44.Kf1 Rf2+ 45.Ke1 Rg2  0-1

[Event "Bullet Chess Winners 2024"]
[Site "chess.com INT"]
[Date "2024.06.11"]
[Round "3.29"]
[White "Nakamura,Hi"]
[Black "Nihal,Sarin"]
[Result "0-1"]
[WhiteElo "2794"]
[BlackElo "2669"]

1.e4 e5 2.Nc3 Nc6 3.Bc4 Nf6 4.d3 Bb4 5.Ne2 d5 6.exd5 Nxd5 7.O-O Be6 8.Nxd5 Bxd5
9.Bxd5 Qxd5 10.f4 O-O 11.a3 Bc5+ 12.Kh1 Rad8 13.Nc3 Qd7 14.f5 f6 15.Ne4 Bb6
16.Qg4 Kh8 17.Bd2 Nd4 18.Rac1 Qc6 19.Qh3 Ne2 20.Rce1 Nd4 21.Bc3 Nxc2 22.Rc1 Ne3
23.Rf3 Rxd3 24.Nf2 e4 25.Rg3 Re8 26.Qh5 Qd7 27.Rh3 h6 28.Bxf6 Nxf5 29.Nxd3 exd3
30.Rf1 d2 31.Bxg7+ Kxg7 32.Qg4+ Kh7 33.Rhf3 d1=Q 34.h3 Re1 35.Qf4 Rxf1+ 36.Rxf1 Qxf1+
37.Qxf1 Ng3+ 38.Kh2 Nxf1+ 39.Kh1 Qd4  0-1

[Event "Bullet Chess Winners 2024"]
[Site "chess.com INT"]
[Date "2024.06.11"]
[Round "3.30"]
[White "Nihal,Sarin"]
[Black "Nakamura,Hi"]
[Result "1/2-1/2"]
[WhiteElo "2669"]
[BlackElo "2794"]

1.d4 g6 2.e4 Bg7 3.Nf3 d6 4.Nc3 Nf6 5.Be3 Nc6 6.h3 e5 7.Bb5 exd4 8.Nxd4 Bd7
9.Bxc6 bxc6 10.O-O c5 11.Nf3 O-O 12.e5 Ne8 13.exd6 cxd6 14.Qd2 Bc6 15.Nd5 Nc7
16.Bg5 f6 17.Nxc7 Qxc7 18.Bf4 Bxf3 19.Bxd6 Qc6 20.Bxf8 Bxg2 21.Bxg7 Bxh3
22.f3 Bxf1 23.Bxf6 Bc4 24.Bc3 Qxf3 25.Qg2 Qxg2+ 26.Kxg2 Re8 27.Rd1 Bxa2 28.Rd7 Re2+
29.Kf3 Rxc2 30.Rg7+ Kf8 31.Rxh7 Bf7 32.Rh8+ Ke7 33.Ke3 Rg2 34.Ra8 Bd5 35.Rxa7+ Ke6
36.Ra6+ Kd7 37.Be5 Bc6 38.Ra7+ Ke6 39.Bc3 Kd5 40.Re7 Rg3+ 41.Kf4 Rg1 42.Re5+ Kc4
43.Rg5 Rxg5 44.Kxg5 Be4 45.Kf4 Bf5 46.Kg5 Kb3 47.Kf6 c4 48.Kg5 Kc2 49.Kf6 Kb3
50.Kg5 Be4 51.Kf6 Bf5  1/2-1/2

[Event "Bullet Chess Winners 2024"]
[Site "chess.com INT"]
[Date "2024.06.11"]
[Round "3.31"]
[White "Nakamura,Hi"]
[Black "Nihal,Sarin"]
[Result "0-1"]
[WhiteElo "2794"]
[BlackElo "2669"]

1.e4 g6 2.h4 Bg7 3.h5 d5 4.exd5 Qxd5 5.Nc3 Qa5 6.d4 Nc6 7.Nf3 Bg4 8.Bd2 O-O-O
9.d5 Nb4 10.Bc4 Bxh5 11.a3 Na6 12.b4 Qb6 13.Rxh5 gxh5 14.Nb5 Nh6 15.Be3 Qg6
16.Nxa7+ Kb8 17.Kf1 Ng4 18.Nb5 Nxe3+ 19.fxe3 Bxa1 20.Qxa1 Qxc2 21.Qd4 b6
22.Ne5 Rhg8 23.Be2 Rxg2 24.Nc6+ Ka8 25.Nc3 Rdg8 26.Qc4 Qc1+ 27.Bd1 Rg1+ 28.Ke2 R8g2+
29.Kd3 Rxd1+  0-1

[Event "Titled Tue 11th Jun Early"]
[Site "chess.com INT"]
[Date "2024.06.11"]
[Round "3"]
[White "Nakamura,Hi"]
[Black "Samunenkov,Ihor"]
[Result "1-0"]
[WhiteElo "2794"]
[BlackElo "2532"]

1.Nf3 d5 2.e3 c5 3.b3 Nf6 4.Bb2 g6 5.d4 cxd4 6.Nxd4 Bg7 7.Be2 O-O 8.O-O Bd7
9.Nd2 Nc6 10.N4f3 Bg4 11.h3 Bxf3 12.Bxf3 Rc8 13.c4 e6 14.Rc1 Re8 15.a3 a5
16.Rc2 Re7 17.Qa1 Ne8 18.cxd5 exd5 19.Rd1 Rd7 20.Bg4 f5 21.Bf3 Nd4 22.Rxc8 Nxf3+
23.Nxf3 Qxc8 24.Bxg7 Nxg7 25.Qe5 Qc5 26.a4 Qd6 27.Qc3 b6 28.Nd4 Qc5 29.Qd2 h6
30.Rc1 Qd6 31.Rc6 Qb4 32.Qxb4 axb4 33.Rxg6 Rb7 34.Nxf5  1-0

[Event "Titled Tue 11th Jun Late"]
[Site "chess.com INT"]
[Date "2024.06.11"]
[Round "4"]
[White "Paravyan,D"]
[Black "Nakamura,Hi"]
[Result "0-1"]
[WhiteElo "2610"]
[BlackElo "2794"]

1.d4 d5 2.Bf4 c5 3.e3 Nc6 4.Nf3 Nf6 5.Nbd2 Nh5 6.dxc5 Nxf4 7.exf4 g6 8.Bb5 Bg7
9.c3 O-O 10.O-O Qc7 11.g3 d4 12.Bxc6 dxc3 13.Be4 cxd2 14.Qxd2 Qxc5 15.Rac1 Qb6
16.b3 Rd8 17.Qe3 Qa5 18.Rfd1 Be6 19.Bxb7 Rxd1+ 20.Rxd1 Rb8 21.Ng5 Bg4 22.Bf3 Bxf3
23.Nxf3 Qxa2 24.Kg2 a5 25.Qxe7 Bf8 26.Qa7 Qxb3 27.Rd7 a4 28.Ne5 a3 29.Rxf7 a2
30.Rd7 Qb1 31.Qa4 Qb3 32.Ra7 Qd5+ 33.Kh3 Qe6+ 34.Kg2 Qd5+ 35.Kh3 Qe6+ 36.Kg2 Rb2
37.Qc4 Qxc4 38.Nxc4 Rxf2+ 39.Kh3 Bc5 40.Ra8+ Kg7 41.Ne5 Bd4 42.Nd3 Rd2  0-1

[Event "Titled Tue 11th Jun Early"]
[Site "chess.com INT"]
[Date "2024.06.11"]
[Round "4"]
[White "Galchenko,Matvey"]
[Black "Nakamura,Hi"]
[Result "0-1"]
[WhiteElo "2438"]
[BlackElo "2794"]

1.e4 c6 2.d4 d5 3.exd5 cxd5 4.Bd3 Nc6 5.c3 g6 6.h3 Bf5 7.Be2 Nf6 8.Nf3 Bg7
9.O-O O-O 10.Re1 Ne4 11.Nbd2 Nd6 12.Nf1 f6 13.Bf4 Be6 14.Bd3 Bf7 15.Bc2 Re8
16.Ne3 Rc8 17.Bb3 e6 18.Bh2 b5 19.h4 a5 20.a4 b4 21.Qd3 bxc3 22.bxc3 Ne4
23.Rac1 h5 24.Nd2 Nxd2 25.Qxd2 Bh6 26.Qd3 Kg7 27.Rb1 Ne7 28.c4 Qd7 29.cxd5 exd5
30.Bc2 Rc6 31.Qb5 Qa7 32.Bd3 Qxd4 33.Nc2 Qc5 34.Qxc5 Rxc5 35.Bd6 Rc3 36.Bb5 Rec8
37.Nd4 Nf5 38.Nxf5+ gxf5 39.Bd7 Rd8 40.Re7 Kg6 41.Bh2 Bf8 42.Bxf5+ Kxf5 43.Rxf7 d4
44.Rd1 d3 45.Rb7 d2 46.Rb5+ Kg6 47.Rbb1 Rc4 48.Bg3 Rxa4 49.Rb2 Rad4 50.f3 a4
51.Bf2 Rd3 52.Kf1 a3 53.Ra2 Bb4 54.Ke2 Rb3 55.Raa1 Re8+ 56.Kf1 Rb2 57.Bd4 Rc2
58.Rab1 Re1+ 59.Kf2 a2 60.Ra1 Rc1  0-1

[Event "Titled Tue 11th Jun Late"]
[Site "chess.com INT"]
[Date "2024.06.11"]
[Round "5"]
[White "Erdogmus,Yagiz Kaan"]
[Black "Nakamura,Hi"]
[Result "1/2-1/2"]
[WhiteElo "2569"]
[BlackElo "2794"]

1.e4 c6 2.d4 d5 3.e5 Bf5 4.h4 h5 5.c4 e6 6.Nc3 dxc4 7.Bxc4 Nd7 8.Bb3 Ne7
9.Bg5 Qa5 10.Bc2 Bxc2 11.Qxc2 Nf5 12.Nf3 Qa6 13.a3 c5 14.Rc1 Be7 15.Nd5 exd5
16.Qxf5 Qe6 17.Qxe6 fxe6 18.Bxe7 Kxe7 19.dxc5 Rhc8 20.b4 a5 21.O-O axb4 22.axb4 Ra4
23.Rb1 b6 24.cxb6 Nxb6 25.Ra1 Rc4 26.Rxa4 Nxa4 27.b5 Nc3 28.b6 Rb4 29.Ra1 Rxb6
30.Ra7+ Kf8 31.Nd4 Nb5 32.Ra8+ Kf7 33.Nf3 Nc3 34.Ng5+ Kg6 35.Rf8 d4 36.Rd8 Kf5
37.Nf3 Ne2+ 38.Kf1 Nf4 39.Nxd4+ Ke4 40.f3+ Kxe5 41.g3 Rb1+ 42.Kf2 Rb2+ 43.Kf1 Nd5
44.Ne2 Ne3+ 45.Kf2 Nf5 46.Ke1 Ra2 47.Rd3 Kf6 48.Kf1 g5 49.hxg5+ Kxg5 50.Rc3 e5
51.Rd3 h4 52.gxh4+ Kxh4 53.Kf2 Kg5 54.Rd5 Kf6 55.Ke1 Ne3 56.Rd3 Ng2+ 57.Kf1 Nh4
58.Ng3 Kg5 59.Ne2 Nf5 60.Rc3 Kf6 61.Rc6+ Ke7 62.Rc5 Kd6 63.Rc3 Kd5 64.Ke1 Nh4
65.Kf1 Ke6 66.Rc6+ Kf5 67.Rc3 Ng6 68.Re3 Ne7 69.Rd3 Rb2 70.Rc3 Nd5 71.Rd3 Nf6
72.Ng3+ Kg5 73.Ne2 Nh5 74.Re3 Kf6 75.Rc3 Ra2 76.Rc6+ Kf5 77.Rc3 Nf4 78.Nxf4 Kxf4
79.Ke1 Kg3 80.Re3 Kf4 81.Re4+ Kf5 82.Kf1 Rb2 83.Ke1 Rc2 84.Kf1 Rd2 85.Kg1 Rd4
86.Rxd4 exd4 87.Kf2 Kf4 88.Ke2 d3+ 89.Kxd3 Kxf3  1/2-1/2

[Event "Titled Tue 11th Jun Early"]
[Site "chess.com INT"]
[Date "2024.06.11"]
[Round "5"]
[White "Nakamura,Hi"]
[Black "Raja,Rithvik R"]
[Result "1-0"]
[WhiteElo "2794"]
[BlackElo "2511"]

1.Nf3 d5 2.e3 Nf6 3.c4 e6 4.b3 b6 5.Bb2 Bb7 6.g3 Nbd7 7.cxd5 exd5 8.Bg2 Bd6
9.O-O O-O 10.Nc3 a6 11.d3 Re8 12.Rc1 c5 13.d4 c4 14.Nd2 b5 15.bxc4 bxc4 16.Re1 Rb8
17.Qc2 Bb4 18.a3 Ba5 19.Na2 Qe7 20.Ra1 Bxd2 21.Qxd2 Ne4 22.Qc2 Bc6 23.Nb4 Bb7
24.f3 Nef6 25.Bc3 a5 26.Na2 Qd8 27.Qd2 Ra8 28.a4 Bc6 29.Nc1 Qb6 30.Ne2 Reb8
31.g4 h6 32.Ng3 Qd8 33.h4 Rb3 34.Rec1 Ne8 35.Nf5 Qc7 36.Qc2 Nd6 37.Ne7+ Kf8
38.Nxc6 Qxc6 39.e4 Nb6 40.e5 Ne8 41.f4 Nxa4 42.Be1 Nb6 43.Qxb3  1-0

[Event "Titled Tue 11th Jun Early"]
[Site "chess.com INT"]
[Date "2024.06.11"]
[Round "6"]
[White "Ibrahimli,Murad"]
[Black "Nakamura,Hi"]
[Result "1/2-1/2"]
[WhiteElo "2400"]
[BlackElo "2794"]

1.d4 d5 2.c4 e6 3.Nf3 a6 4.Bg5 Nf6 5.e3 dxc4 6.Bxc4 c5 7.O-O b5 8.Bb3 Bb7
9.a4 Nbd7 10.axb5 axb5 11.Rxa8 Qxa8 12.Nc3 Bc6 13.Bxf6 Nxf6 14.Ne5 c4 15.Nxc6 Qxc6
16.Bc2 Kd8 17.Qa1 b4 18.Qa5+ Qc7 19.Qa8+ Qc8 20.Qa5+ Qc7 21.Qa8+ Qc8 22.Qa5+ Qc7  1/2-1/2

[Event "Titled Tue 11th Jun Late"]
[Site "chess.com INT"]
[Date "2024.06.11"]
[Round "6"]
[White "Nakamura,Hi"]
[Black "Eljanov,P"]
[Result "1-0"]
[WhiteElo "2794"]
[BlackElo "2671"]

1.d4 Nf6 2.c4 e6 3.Nc3 Bb4 4.e3 O-O 5.Bd2 d5 6.Nf3 Nbd7 7.Qc2 c6 8.Bd3 Qe7
9.O-O e5 10.dxe5 Nxe5 11.Nxe5 Qxe5 12.cxd5 cxd5 13.Ne2 Bd6 14.Ng3 Qg5 15.f4 Qh4
16.Rf3 g6 17.Bc3 Bg4 18.Rff1 Bd7 19.Rf3 Rac8 20.Qd2 Bg4 21.Rff1 Bd7 22.Nh1 Ng4
23.h3 Nh6 24.Rf3 Rfe8 25.Ng3 Bc6 26.Bd4 Bd7 27.b4 a6 28.Raf1 f5 29.Ba1 Bf8
30.Bc2 Be6 31.Bb3 Rcd8 32.Ne2 Bg7 33.Bxg7 Kxg7 34.Nd4 Bf7 35.Rc1 Rc8 36.Rff1 Qf6
37.Nf3 Ng8 38.Ne5 Qd6 39.Nxf7 Kxf7 40.Qxd5+ Qxd5 41.Bxd5+ Kf8 42.Bxb7 Rb8
43.Bxa6 Rxb4 44.Rc3 Nf6 45.Rfc1 Nd5 46.Rc8  1-0

[Event "Titled Tue 11th Jun Late"]
[Site "chess.com INT"]
[Date "2024.06.11"]
[Round "7"]
[White "Sanal,V"]
[Black "Nakamura,Hi"]
[Result "0-1"]
[WhiteElo "2574"]
[BlackElo "2794"]

1.e4 c6 2.Nf3 d5 3.d3 Bg4 4.h3 Bxf3 5.Qxf3 e6 6.g3 g6 7.Bg2 Bg7 8.O-O Ne7
9.c3 d4 10.Qe2 c5 11.cxd4 cxd4 12.Nd2 O-O 13.f4 Nbc6 14.e5 Nf5 15.Ne4 Qb6
16.Kh2 Rfd8 17.Bd2 Ne3 18.Rfc1 Nxg2 19.Qxg2 Ne7 20.b4 Nd5 21.a4 Bf8 22.b5 Rac8
23.Nf6+ Nxf6 24.exf6 Rc5 25.Rxc5 Bxc5 26.Rc1 Rd5 27.Qe4 Qd8 28.Rc4 Qxf6 29.Bb4 Bxb4
30.Rxb4 Qd8 31.Rc4 Qa5 32.h4 Qd2+ 33.Kh3 Qd1 34.Rc7 h5 35.Rc8+ Kg7 36.Rc7 b6
37.Kh2 Qd2+ 38.Kh3 Qe3 39.Kg2 Qxe4+ 40.dxe4 d3 41.exd5 d2 42.dxe6 d1=Q 43.Rxf7+ Kh6
44.e7 Qd5+  0-1

[Event "Titled Tue 11th Jun Early"]
[Site "chess.com INT"]
[Date "2024.06.11"]
[Round "7"]
[White "Nakamura,Hi"]
[Black "Andreikin,D"]
[Result "1-0"]
[WhiteElo "2794"]
[BlackElo "2729"]

1.b4 h5 2.Bb2 h4 3.c4 Nf6 4.h3 e6 5.a3 b6 6.Nf3 Bb7 7.e3 g6 8.d4 Bg7 9.Nbd2 d6
10.Qc2 Nbd7 11.Be2 Qe7 12.e4 Nh5 13.O-O Nf4 14.Rfe1 g5 15.Bf1 O-O-O 16.c5 dxc5
17.bxc5 bxc5 18.Rec1 f5 19.dxc5 Nb8 20.c6 Nxc6 21.Bxg7 Qxg7 22.Rab1 g4 23.Rxb7 Nxh3+
24.gxh3 gxf3+ 25.Kh1 Rd6 26.Qb2 e5 27.Rxc6 Rxc6 28.Rb8+ Kd7 29.Rxh8 Qxh8
30.Bb5 fxe4 31.Qc3 Qh6 32.Nxe4 Qg6 33.Qxf3 Kd8 34.Bxc6 Qxc6 35.Qf8+ Kd7 36.Qf5+ Kd8
37.Kg2 Qd5 38.Qf6+ Kc8 39.Qxh4 c5 40.Qg4+ Kb7 41.Qf3 Kb6 42.h4 c4 43.h5 Qg8+
44.Qg3 Qd5 45.Qe3+ Ka6 46.h6 Qg8+ 47.Qg3 Qd5 48.Qg6+ Ka5 49.h7  1-0

[Event "Titled Tue 11th Jun Early"]
[Site "chess.com INT"]
[Date "2024.06.11"]
[Round "8"]
[White "Sarana,A"]
[Black "Nakamura,Hi"]
[Result "1/2-1/2"]
[WhiteElo "2712"]
[BlackElo "2794"]

1.d4 d5 2.c4 c5 3.cxd5 Nf6 4.Nf3 cxd4 5.Nxd4 Nxd5 6.e4 Nf6 7.Nc3 e5 8.Nb3 Qxd1+
9.Kxd1 Bb4 10.f3 Be6 11.Be3 O-O 12.Kc2 Rc8 13.Rc1 Bxc3 14.bxc3 Bc4 15.Bxc4 Rxc4
16.Rhd1 Nbd7 17.Kb2 Kf8 18.Rd3 b6 19.Rcd1 Ke8 20.h4 Rac8 21.h5 h6 22.g4 Nf8
23.Nd2 R4c7 24.Nf1 Ne6 25.Ng3 Kf8 26.Nf5 Ng8 27.Nd6 Rd8 28.Nb5 Rxd3 29.Rxd3 Rb7
30.Rd5 f6 31.Rd6 Ke7 32.Rc6 Kd7 33.Rd6+ Ke7 34.Rc6 Kd7 35.Rd6+ Ke7  1/2-1/2

[Event "Titled Tue 11th Jun Late"]
[Site "chess.com INT"]
[Date "2024.06.11"]
[Round "8"]
[White "Nakamura,Hi"]
[Black "Svane,R"]
[Result "1-0"]
[WhiteElo "2794"]
[BlackElo "2633"]

1.d4 d5 2.c4 e6 3.Nc3 a6 4.cxd5 exd5 5.Bf4 Nf6 6.e3 Bd6 7.Bg3 O-O 8.Bd3 Re8
9.Qc2 Bxg3 10.hxg3 h6 11.Nf3 Qd6 12.O-O-O Bg4 13.Bf5 Bxf3 14.gxf3 c5 15.dxc5 Qxc5
16.Nxd5 Qxc2+ 17.Bxc2 Nxd5 18.Rxd5 Nc6 19.a3 Ne5 20.f4 Ng4 21.Rf1 Nf6 22.Rd2 Rac8
23.Kd1 Rc5 24.Ke2 Kf8 25.Kf3 g5 26.Rfd1 Rec8 27.Bb1 Ke7 28.e4 gxf4 29.gxf4 R8c7
30.e5 Nd7 31.Rd6 f6 32.Bf5 Nf8 33.Rxf6 R7c6 34.Rdd6 Rxd6 35.Rxd6 Rb5 36.b4 a5
37.Bd3  1-0

[Event "Titled Tue 11th Jun Early"]
[Site "chess.com INT"]
[Date "2024.06.11"]
[Round "9"]
[White "Nakamura,Hi"]
[Black "Bluebaum,M"]
[Result "1-0"]
[WhiteElo "2794"]
[BlackElo "2647"]

1.b4 d5 2.Bb2 Bf5 3.e3 e6 4.a3 Nf6 5.c4 c6 6.Nf3 h6 7.d4 a5 8.b5 cxb5 9.cxd5 exd5
10.Bxb5+ Bd7 11.Bd3 Bd6 12.Ne5 O-O 13.Nd2 Nc6 14.O-O Ne7 15.Qb3 a4 16.Qa2 Bf5
17.Bxf5 Nxf5 18.Rab1 Qa5 19.Rfd1 Rac8 20.Ba1 Rc7 21.Rb2 Rfc8 22.Qb1 Bxa3
23.Rb5 Qa6 24.Nd3 Ne4 25.Nxe4 dxe4 26.Nc5 Bxc5 27.dxc5 Rxc5 28.Rxb7 Qe2 29.Rb8 Rxb8
30.Qxb8+ Kh7 31.Rf1 Rd5 32.Qb1 Rd3 33.Re1 Qg4 34.h3 Qg6 35.Be5 a3 36.Qb4 a2
37.Qxe4 Rb3 38.Ra1 Nh4 39.Qxh4 Rb1+ 40.Kh2 Qc2 41.Qg4 f6 42.Bd4 Rxa1 43.Bxa1 Qxf2
44.Qe4+ Kh8 45.Qf3 Qc2 46.Bd4 Qb1 47.Qa8+ Kh7 48.Qa7 Kg6 49.Qa5 Qc2 50.Qd5 h5
51.e4 Kh7 52.Qxh5+ Kg8 53.Qd5+ Kh7 54.e5 Qf5 55.Qf3  1-0

[Event "Titled Tue 11th Jun Late"]
[Site "chess.com INT"]
[Date "2024.06.11"]
[Round "9"]
[White "Praggnanandhaa,R"]
[Black "Nakamura,Hi"]
[Result "0-1"]
[WhiteElo "2747"]
[BlackElo "2794"]

1.e4 c6 2.d4 d5 3.exd5 cxd5 4.Bd3 Nc6 5.c3 Qc7 6.h3 g6 7.Nf3 Bh6 8.O-O Bf5
9.Bxf5 gxf5 10.Bxh6 Nxh6 11.Qc1 Qd6 12.Re1 Rg8 13.Na3 a6 14.c4 Rg6 15.Qe3 f4
16.Qd3 O-O-O 17.Ne5 Nxe5 18.dxe5 Qe6 19.cxd5 Qxd5 20.Qxd5 Rxd5 21.Rac1+ Kb8
22.Rc4 f3 23.g3 Rd2 24.Rc2 Rxg3+ 25.fxg3 f2+ 26.Kf1 fxe1=Q+ 27.Kxe1 Rd3 28.Rc3 Rd5
29.Nc4 b5 30.Na5 Rxe5+ 31.Kf2 Re6 32.Nc6+ Ka8 33.g4 f6 34.Nd4 Rd6 35.Ke3 Kb7
36.Rc5 Nf7 37.Rh5 h6 38.Nf5 Re6+ 39.Kf2 Re5 40.Rh4 Rc5 41.Nxh6 Rc2+ 42.Ke3 Nxh6
43.Rxh6 Kc7 44.b3 Rxa2 45.Kd3 Rg2 46.Kc3 Rg3+ 47.Kc2 Kd6 48.Rh8 Kc5 49.Rh7 e5
50.Rf7 Kb4 51.Rxf6 Rc3+ 52.Kd2 a5 53.h4 Rg3 54.g5 Kxb3 55.g6 a4 56.h5 a3
57.Rb6 b4 58.Ra6 a2 59.Ke2 Rg5 60.h6 Rxg6 61.Rxg6 a1=Q 62.Rg3+ Kc4 63.Rh3 Qb2+
64.Kf3 Qc3+ 65.Kg4 Qd4+ 66.Kg5 Qf4+ 67.Kh5 Qf5+ 68.Kh4 b3  0-1

[Event "Titled Tue 11th Jun Late"]
[Site "chess.com INT"]
[Date "2024.06.11"]
[Round "10"]
[White "Nakamura,Hi"]
[Black "Firouzja,Alireza"]
[Result "1-0"]
[WhiteElo "2794"]
[BlackElo "2737"]

1.e4 c6 2.Nc3 d5 3.Nf3 Bg4 4.h3 Bxf3 5.Qxf3 e6 6.g3 Nd7 7.Qe2 Ngf6 8.Bg2 d4
9.Nb1 e5 10.d3 h5 11.h4 g6 12.Bh3 Qe7 13.Bg5 Bh6 14.Nd2 O-O-O 15.O-O-O Kb8
16.f4 exf4 17.gxf4 Bxg5 18.fxg5 Nd5 19.Qh2+ Nc7 20.Bxd7 Rxd7 21.Rhf1 Ka8
22.Nc4 Re8 23.Rf6 Ne6 24.Ne5 Rc7 25.Nxf7 c5 26.Rxe6  1-0

[Event "Titled Tue 11th Jun Early"]
[Site "chess.com INT"]
[Date "2024.06.11"]
[Round "10"]
[White "Nepomniachtchi,I"]
[Black "Nakamura,Hi"]
[Result "0-1"]
[WhiteElo "2770"]
[BlackElo "2794"]

1.e4 e5 2.Nf3 Nc6 3.Bb5 a6 4.Ba4 Bc5 5.O-O Nge7 6.c3 Ba7 7.d4 Ng6 8.Bg5 f6
9.Be3 O-O 10.Nbd2 Kh8 11.Re1 exd4 12.Nxd4 Nxd4 13.Bxd4 Bxd4 14.cxd4 d6 15.Rc1 f5
16.e5 Nf4 17.Nf3 d5 18.Qd2 Ne6 19.b4 c6 20.Bb3 g5 21.Red1 g4 22.Ne1 f4 23.a4 Bd7
24.Qc3 Qh4 25.Bc2 Ng5 26.Ra1 Rae8 27.b5 Re6 28.bxc6 bxc6 29.Qb4 Kg8 30.Qb7 Rf7
31.Qb8+ Kg7 32.Rab1 Rh6 33.e6 Qxh2+ 34.Kf1 Rxe6  0-1

[Event "Titled Tue 11th Jun Early"]
[Site "chess.com INT"]
[Date "2024.06.11"]
[Round "11"]
[White "Nakamura,Hi"]
[Black "Niemann,Hans Moke"]
[Result "1-0"]
[WhiteElo "2794"]
[BlackElo "2688"]

1.e4 c5 2.d4 cxd4 3.c3 dxc3 4.Nxc3 Nc6 5.Nf3 e6 6.Bf4 a6 7.Be2 Nge7 8.Qb3 Ng6
9.Bg3 Be7 10.h4 d6 11.O-O-O Qc7 12.Kb1 Bd7 13.h5 Nge5 14.h6 g6 15.Rc1 Rc8
16.Rhd1 O-O 17.Ne1 Na5 18.Qc2 Nec4 19.Nf3 Qb6 20.Ka1 Rc7 21.b3 Na3 22.Qb2 Rfc8
23.Nb1 Bf8 24.Rxc7 Qxc7 25.Nxa3 e5 26.Rh1 b5 27.Nd2 Nc6 28.Nc2 Qb6 29.f3 Be7
30.Nb1 Be6 31.Rd1 a5 32.Nc3 b4 33.Nd5 Bxd5 34.exd5 Nb8 35.Rf1 Nd7 36.Bf2 Qb7
37.Ne3 Bf6 38.Nc4 Qxd5 39.Rd1 Qe6 40.Rxd6 Qe7 41.Kb1 e4 42.Rxd7 Qe6 43.Rd6 Qf5
44.Rxf6  1-0